01126 2200337 4500001002100000005001500021035002000036007000300056008004100059336002100100337002300121338003800144040002200182100003100204245008900235300003200324020002200356082001400378084001600392264004400408500006900452500004900521650001800570700002800588700002100616850001200637852002000649856007500669990002200744990002200766INLIS00000000086700920211117105948 a0010-1121001090ta211117s2011 jkia ds6 1 ind d 2rdacontentateks 2rdamediaakomputer 2rdacarrierasumber sambung jaring aYOPDYOGbinderda1 aYamahara, Yoshitoepenulis10aNew legenda naga 8 /cYoshito Yamahara ; alih bahasa, M. Gunarsah ; penyunting, Lois a1 berkas komputer (12,6 MB) a978-979-27-9912-504223a741.5 a741.5 YAM n31aJakarta :bElex Media Komputindo,c2011 aUntuk mengakses buku ini silakan unduh aplikasi http://ijogja.id aJudul asli: Ryuurouden-chuugen ryouran hen 8 4aKomik, Bacaan1 aGunarsah, Mepenerjemah0 aLoisepenyunting aYOPDYOG8 aaplikasi iJogja40ahttp://ijogja.id/publications/books/19981nPerpustakaan Digital iJogja a002303-EPD/B.2017 a002304-EPD/B.2017